| 000 | 00534nam a2200193 a 4500 | ||
|---|---|---|---|
| 005 | 20210219153335.0 | ||
| 008 | 991125n 000 0 eng u | ||
| 035 | _aUPN01000092234 | ||
| 100 | _aMiletta, Maurin M. | ||
| 222 | _aREADING TEACHER | ||
| 245 | _aPicture books for older children : reading and writing connections | ||
| 300 | _a555-556 | ||
| 362 | _a1992 45, no. 7 | ||
| 653 | 0 | _aLIBROS DE PINTURAS | |
| 653 | 0 | _aLITERATURA INFANTIL | |
| 653 | 0 | _aMATERIALES DE LECTURA | |
| 904 |
_aAC _b030045 |
||
| 905 | _aArticulo | ||
| 999 |
_c74347 _d74347 |
||